YouTubers By Picture - Statistics

General Stats
  • This quiz has been taken 943 times
    913 since last reset
  • The average score is 4 of 8
Answer Stats
Picture Answer % Correct
Mr. Beast
99%
Ishowspeed
86%
Dream
85%
PrestonPlayz
53%
Stokes Twins
40%
DangMattSmith
21%
Shark
7%
SIM2
1%
No matching quizzes found
Score Distribution
Percent of People with Each Score
Percentile by Number Answered
Your Score History
You have not taken this quiz since the last reset